000 00801cam a2200241 i 4500
999 _c4388
_d4388
001 3210925
003 GBCCL
005 20241126110517.0
008 790104s1979 ilu 000 0 eng
010 _a 78032016
020 _a0802426360 :
_c$1.95
040 _aDLC
_cDLC
_dDLC
050 1 0 _aBS2675.5
_b.B87
082 0 0 _a227.206
_219
_bBUR
100 1 _aBurnham, David,
_d1934-
_98237
245 0 0 _a1 Corinthians :
_bthe church confronts reality : a discussion guide for home Bible study /
_cby David Burnham and Sue Burnham.
260 _aChicago :
_bMoody Press,
_cc1979.
300 _a74 p. ;
_c22 cm.
630 0 0 _aBible.
_pCorinthians, 1st
_xStudy and teaching.
_98238
700 1 _aBurnham, Sue,
_ejoint author.
_98239
906 _a7
_bcbc
_corignew
_d1
_eocip
_f19
_gy-gencatlg
942 _2ddc
_cBK
_03